000 01071nam a22002055i 4500
001 173796
003 ES-MaACL
005 20250824063057.0
008 100120s1862 sp |||| | spa d
040 _aCAM
_bspa
_cCAM
100 1 _aLarra y Wetoret, Luis Mariano de,
_d1830-1901
_970289
245 1 4 _aLos lazos de la familia
_b: drama en tres actos y en verso /
_coriginal de Luis Mariano de Larra.
250 _a2ª ed.
260 _aMadrid :
_b[s.n.],
_c1862 (
_fImprenta de José Rodriguez)
300 _a76 p. ;
_c18 cm.
500 _aEn port.: Representado por primera vez en el Teatro del Circo, á beneficio del primer actor Joaquín Arjona, el día 4 de marzo de 1859.
596 _aEn verso de la port. consta: "Los comisionados de las Galerías Dramáticas y Líricas de Gullon e Hidalgo, son los exclusivos encargados ..."
852 _aES-MaACL
_jF-8609(10)
_z.- Enc. pasta española
_q.- Falto de la cub. original
_z.- Enc. en un vol. facticio formando parte de la col. facticia "Teatro español moderno", vol. 64
999 _c173796
_d173796